| 000 | 00480nam a2200181Ia 4500 | ||
|---|---|---|---|
| 001 | 8551 | ||
| 005 | 20260306160618.0 | ||
| 008 | 260306t2009||||xx |||||||||||||| ||spa|| | ||
| 041 | _aESP | ||
| 082 |
_a371.1023 _bT28 |
||
| 100 |
_aTébar Belmonte, Lorenzo _eAUT |
||
| 245 | 0 |
_aEl profesor mediador del aprendizaje: _bpremio extraordinario de tesis doctoral |
|
| 260 | _c2009 | ||
| 300 |
_a300 páginas : _c24 cm. |
||
| 650 | _aGEN | ||
| 654 | _aCED | ||
| 942 |
_cLIB _dJUS _fJUS _2ddc _n |
||
| 999 |
_c8551 _d8551 |
||